000 01073nam a22002897a 4500
001 10115
003 FISKH
005 20260421111129.0
008 260421b cb ||||| |||| 00| 0 eng d
020 _a9789810568979
040 _aFISKH
_beng
_cFISKH
_dFISKH
050 _aTL146 .T73
082 _a372.21
100 _aAnonymous
245 _aMy little wipe clean series :
_bTransport /
260 _aSingapore :
_bFuture Ace,
_c[]
300 _a8 unnumbered pages :
_bcolor illustrations ;
_c20 cm
505 _aD
520 _aA wipe-clean early learning book that introduces young children to different types of transport such as airplanes, motorcycles, and boats. The book includes simple activities and colorful illustrations to help develop vocabulary, recognition, and early writing or tracing skills.
521 8 _a160
_bLexile estimate
521 8 _aD
_bRaz-Plus
650 _aTransportation
_vJuvenile literature
650 _aActivity books
_vChildren
650 _aVehicles
_vJuvenile literature
942 _2ddc
_cBK
_n0
999 _c10115
_d10115